MANAGEMENT OF NURSING SERVIES & EDUCATION (Record no. 2221)
[ view plain ]
| 000 -LEADER | |
|---|---|
| fixed length control field | 00357nam a2200145Ia 4500 |
| 008 - FIXED-LENGTH DATA ELEMENTS--GENERAL INFORMATION | |
| fixed length control field | 150201s2011 xx 000 0 und d |
| 082 ## - DEWEY DECIMAL CLASSIFICATION NUMBER | |
| Classification number | 610.7 |
| Item number | M11B |
| 100 ## - MAIN ENTRY--PERSONAL NAME | |
| Personal name | BASAVANATHAPPA , BT. |
| 245 ## - TITLE STATEMENT | |
| Title | MANAGEMENT OF NURSING SERVIES & EDUCATION |
| 250 ## - EDITION STATEMENT | |
| Edition statement | 1ST |
| 260 ## - PUBLICATION, DISTRIBUTION, ETC. (IMPRINT) | |
| Name of publisher, distributor, etc. | JAYPEE |
| Place of publication, distribution, etc. | INDIA |
| Date of publication, distribution, etc. | 2011 |
| 300 ## - PHYSICAL DESCRIPTION | |
| Extent | 606 |
| 650 ## - SUBJECT ADDED ENTRY--TOPICAL TERM | |
| Topical term or geographic name as entry element | NURSING |
| 942 ## - ADDED ENTRY ELEMENTS (KOHA) | |
| Source of classification or shelving scheme | Dewey Decimal Classification |
| Koha item type | Books |
| Koha issues (borrowed), all copies | 25 |
| Withdrawn status | Lost status | Source of classification or shelving scheme | Damaged status | Not for loan | Collection code | Home library | Current library | Shelving location | Date acquired | Source of acquisition | Cost, normal purchase price | SGTU | Bill Number | Total Checkouts | Total Renewals | Full call number | Barcode | Date last seen | Date last checked out | Bill Date | Koha item type |
|---|---|---|---|---|---|---|---|---|---|---|---|---|---|---|---|---|---|---|---|---|---|
| Dewey Decimal Classification | NURSING | SGT Medical Library | SGT Medical Library | Text Book | 06/07/2014 | ABC DELHI | 450.00 | SGTU | 4669 | 15 | 1 | 610.7 M11B | FN1602 | 10/09/2024 | 24/08/2024 | 06/07/2014 | Books | ||||
| Dewey Decimal Classification | NURSING | SGT Medical Library | SGT Medical Library | Text Book | 06/07/2014 | ABC DELHI | 450.00 | SGTU | 4669 | 8 | 610.7 M11B | FN1603 | 08/09/2023 | 31/08/2023 | 06/07/2014 | Books | |||||
| Dewey Decimal Classification | NURSING | SGT Medical Library | SGT Medical Library | Text Book | 06/09/2014 | ABC DELHI | 450.00 | SGTU | 4671 | 15 | 610.73 M11B | FN2229 | 09/03/2026 | 24/02/2026 | 06/09/2014 | Books | |||||
| Dewey Decimal Classification | NURSING | SGT Medical Library | SGT Medical Library | Text Book | 06/09/2014 | ABC DELHI | 450.00 | SGTU | 4671 | 6 | 610.73 M11B | FN2230 | 05/02/2021 | 27/01/2021 | 06/09/2014 | Books | |||||
| Dewey Decimal Classification | NURSING | SGT Medical Library | SGT Medical Library | Text Book | 06/09/2014 | ABC DELHI | 450.00 | SGTU | 4671 | 17 | 610.73 M11B | FN2231 | 14/06/2024 | 03/06/2024 | 06/09/2014 | Books |